000 01327cam a22002294a 4500
005 20250605163922.0
008 250528s ||||||||||||||||||||||||d
035 _a14419
020 _a1841692387
040 _aGR-AtMCL
_bgre
_dGR-AtMCL
_eAACR2
245 1 _aVisual Perception / Physiology, Psychology and Ecology
250 _a4th
260 _bPsychology Press, Ltd,
_c2003
300 _a484
520 _aThe book provides the most up-to-date text on vision on the market. Preface, The Physiological Basis of Visual Perception, Light and Eyes, The Neurophysiology of the Retina, Visual Pathways in the Brain, Vision for Awareness, Approaches to the Psychology of Visual Perception, Images and Filters and Features: The Primal Sketch, Perceptual Organization, Seeing a 3-D World, The Computation of Image Motion, Object Recognition, Vision for Action, Introduction to the Ecological Approach to Visual Perception, Optic Flow and Locomotion, Vision and the Timing of Actions, Perception of the Social World, Conclusions, Contrasting Theories of Visual Perception, References, On-Line Resources for Perception and Vision Science, Glossary, Author and Subject Index.
700 1 _aBruce Vicki
_969
700 1 _aGeorgeson Mark A
_970
700 1 _aGreen Patrick
_971
942 _cBK
999 _c52
_d52